[Event "NRW-ch"]
[Site "Herne"]
[Date "2012.10.10"]
[Round "5"]
[White "Trzaska, Peter"]
[Black "Richter, Gerald"]
[Result "1-0"]
[WhiteElo "2121"]
[BlackElo "2119"]
[PlyCount "39"]
[EventDate "2012.10.06"]
[EventType "swiss"]
[EventRounds "7"]
[EventCountry "GER"]
[SourceTitle "EXT 2016"]
[Source "ChessBase"]
[SourceDate "2015.10.08"]
[SourceVersion "1"]
[SourceVersionDate "2015.10.08"]
[SourceQuality "1"]

1. c4 e6 2. d4 Nf6 3. Nf3 b6 4. g3 Ba6 5. Qa4 Bb7 6. Bg2 Be7 7. Nc3 0-0 8. 0-0 d6 9. Qc2 Nbd7 10. Rd1 Qc8 11. b3 c5 12. Bb2 d5 13. cxd5 exd5 14. Rac1 Ne4 15. dxc5 Bxc5 16. Nxe4 dxe4 17. Ng5 Nf6 18. Bxf6 gxf6 19. Nxe4 Ba3 20. Nxf6+ 1-0

[Event "NRW-ch"]
[Site "Herne"]
[Date "2012.10.09"]
[Round "4"]
[White "Richter, Gerald"]
[Black "Beutelhoff, Josef"]
[Result "1-0"]
[WhiteElo "2119"]
[BlackElo "2143"]
[PlyCount "81"]
[EventDate "2012.10.06"]
[EventType "swiss"]
[EventRounds "7"]
[EventCountry "GER"]
[SourceTitle "EXT 2016"]
[Source "ChessBase"]
[SourceDate "2015.10.08"]
[SourceVersion "1"]
[SourceVersionDate "2015.10.08"]
[SourceQuality "1"]

1. d4 Nf6 2. c4 c5 3. d5 e5 4. Nc3 d6 5. g3 Be7 6. Bg2 0-0 7. e4 Ne8 8. Nge2 g6 9. 0-0 f5 10. f4 exf4 11. Nxf4 Ng7 12. exf5 Bxf5 13. g4 Bc8 14. Ne6 Bxe6 15. dxe6 Nc6 16. Bh6 Rxf1+ 17. Qxf1 Qf8 18. Bd5 Qxf1+ 19. Rxf1 Rf8 20. Rf7 Rxf7 21. exf7+ Kf8 22. Nb5 a6 23. Nc7 Nd8 24. g5 Bxg5 25. Bxg5 Nxf7 26. Bf4 Nh5 27. Bxf7 Nxf4 28. Ne6+ Kxf7 29. Nxf4 Kf6 30. Kf2 g5 31. Nd3 Kf5 32. Kf3 b5 33. b3 bxc4 34. bxc4 h5 35. a4 a5 36. Ke3 g4 37. Nc1 h4 38. Nb3 h3 39. Kf2 d5 40. cxd5 c4 41. Nxa5 1-0

[Event "NRW-ch"]
[Site "Herne"]
[Date "2012.10.07"]
[Round "3"]
[White "Schwarzenberg, Josef"]
[Black "Richter, Gerald"]
[Result "1/2-1/2"]
[WhiteElo "2068"]
[BlackElo "2119"]
[PlyCount "88"]
[EventDate "2012.10.06"]
[EventType "swiss"]
[EventRounds "7"]
[EventCountry "GER"]
[SourceTitle "EXT 2016"]
[Source "ChessBase"]
[SourceDate "2015.10.08"]
[SourceVersion "1"]
[SourceVersionDate "2015.10.08"]
[SourceQuality "1"]

1. d4 Nf6 2. Nf3 d5 3. e3 c6 4. Bd3 g6 5. 0-0 Bg7 6. c4 0-0 7. Nc3 Nbd7 8. Bd2 a6 9. cxd5 Nxd5 10. Rc1 Nb4 11. Bb1 e5 12. Qb3 a5 13. a3 Na6 14. Rfe1 exd4 15. exd4 Qb6 16. Ba2 Qxb3 17. Bxb3 Nb6 18. h3 Nc7 19. Bf4 Ncd5 20. Nxd5 Nxd5 21. Bxd5 cxd5 22. Bd6 Rd8 23. Bc7 Rf8 24. Bd6 Rd8 25. Bc7 Rf8 26. Rc5 a4 27. Rxd5 Be6 28. Rb5 Rfc8 29. Be5 Bc4 30. Rxb7 Bd5 31. Rb5 Bxf3 32. gxf3 Rc2 33. Bxg7 Kxg7 34. Re7 Ra6 35. Rbb7 Rf6 36. Kg2 Rd2 37. Red7 Rd3 38. Rbc7 Rdxf3 39. Rc2 Rd3 40. d5 Rf5 41. d6 Rf4 42. Rd8 Kf6 43. Re2 Rd5 44. Rd7 Kg7 1/2-1/2

[Event "Vellmar op-A 4th"]
[Site "Vellmar"]
[Date "2012.07.27"]
[Round "2"]
[White "Richter, Gerald"]
[Black "Stabernack, Joschi"]
[Result "0-1"]
[WhiteElo "2137"]
[BlackElo "1928"]
[PlyCount "76"]
[EventDate "2012.07.26"]
[EventType "swiss"]
[EventRounds "7"]
[EventCountry "GER"]
[SourceTitle "EXT 2014"]
[Source "ChessBase"]
[SourceDate "2013.11.20"]
[SourceVersion "1"]
[SourceVersionDate "2013.11.20"]
[SourceQuality "1"]

1. d4 Nf6 2. c4 g6 3. Nc3 Bg7 4. e4 d6 5. Nf3 0-0 6. Be2 e5 7. 0-0 Nc6 8. d5 Ne7 9. b4 Nh5 10. c5 Nf4 11. cxd6 cxd6 12. Bxf4 exf4 13. Rc1 f5 14. Ng5 h6 15. Ne6 Bxe6 16. dxe6 Bxc3 17. Rxc3 fxe4 18. Qd4 d5 19. Rd1 Rc8 20. Rh3 Kh7 21. Qxa7 Rc2 22. Bb5 Qa8 23. Ra3 Qxa7 24. Rxa7 Rb8 25. f3 e3 26. g3 Rf2 27. gxf4 Rxf3 28. Rf1 Rxf1+ 29. Kxf1 Kg7 30. Ke2 d4 31. Kd3 Kf6 32. Ra3 Kxe6 33. Kxd4 Nf5+ 34. Kc5 b6+ 35. Kc4 Nd6+ 36. Kd3 Nxb5 37. Rb3 e2 38. Rb1 Rd8+ 0-1